Sheffield United League Players Since 2014 - Statistics

General Stats
  • This quiz has been taken 29 times
    15 since last reset
  • The average score is 191 of 305
Answer Stats
% Correct
2023/24 (Premier League - 20th) Netherlands CM 26 Gustavo Hamer 36 4
100%
2023/24 (Premier League - 20th) Greece RB 31 George Baldock 13
93%
2022/23 (Championship - 2nd) Greece RB 29 George Baldock 36 1
93%
2021/22 (Championship - 5th) Greece RB 28 George Baldock 25 1
93%
2020/21 (Premier League - 20th) Greece RB 27 George Baldock 32
93%
2019/20 (Premier League - 9th) Greece RB 26 George Baldock 38 2
93%
2018/19 (Championship - 2nd) Greece RB 25 George Baldock 27 1
93%
2017/18 (Championship - 10th) Greece RB 24 George Baldock 34 1
93%
2023/24 (Premier League - 20th) England RB 23 Jayden Bogle 34 3
93%
2022/23 (Championship - 2nd) England RB 21 Jayden Bogle 20 2
93%
2021/22 (Championship - 5th) England RB 20 Jayden Bogle 18 3
93%
2020/21 (Premier League - 20th) England RB 19 Jayden Bogle 16 2
93%
2023/24 (Premier League - 20th) Denmark ST 20 William Osula 21
93%
2022/23 (Championship - 2nd) Denmark ST 18 William Osula 2
93%
2021/22 (Championship - 5th) Denmark ST 17 William Osula 5
93%
2023/24 (Premier League - 20th) Bosnia CB 25 Anel Ahmedhodzic 31 2
86%
2022/23 (Championship - 2nd) Bosnia CB 23 Anel Ahmedhodzic 34 6
86%
2023/24 (Premier League - 20th) United States CB 25 Auston Trusty 32
86%
2022/23 (Championship - 2nd) England ST 36 Billy Sharp 38 2
86%
2021/22 (Championship - 5th) England ST 35 Billy Sharp 39 14
86%
2020/21 (Premier League - 20th) England ST 34 Billy Sharp 16 3
86%
2019/20 (Premier League - 9th) England ST 33 Billy Sharp 25 3
86%
2018/19 (Championship - 2nd) England ST 32 Billy Sharp 40 23
86%
2017/18 (Championship - 10th) England ST 31 Billy Sharp 34 13
86%
2016/17 (League One - 1st) England ST 30 Billy Sharp 46 30
86%
2015/16 (League One - 11th) England ST 29 Billy Sharp 44 21
86%
2019/20 (Premier League - 9th) Ireland ST 24 Callum Robinson 16 1
86%
2022/23 (Championship - 2nd) Ireland CB 32 Ciaran Clark 10 2
86%
2023/24 (Premier League - 20th) Canada ST 20 Daniel Jebbison 1
86%
2022/23 (Championship - 2nd) Canada ST 18 Daniel Jebbison 16 1
86%
2021/22 (Championship - 5th) Canada ST 17 Daniel Jebbison 8
86%
2020/21 (Premier League - 20th) Canada ST 16 Daniel Jebbison 4 1
86%
2021/22 (Championship - 5th) Ireland ST 33 David McGoldrick 19 2
86%
2020/21 (Premier League - 20th) Ireland ST 32 David McGoldrick 35 8
86%
2019/20 (Premier League - 9th) Ireland ST 31 David McGoldrick 28 2
86%
2018/19 (Championship - 2nd) Ireland ST 30 David McGoldrick 45 15
86%
2019/20 (Premier League - 9th) England GK 22 Dean Henderson 36
86%
2018/19 (Championship - 2nd) England GK 21 Dean Henderson 46
86%
2022/23 (Championship - 2nd) Ireland LB 31 Enda Stevens 12
86%
2021/22 (Championship - 5th) Ireland LB 30 Enda Stevens 22 1
86%
2020/21 (Premier League - 20th) Ireland LB 29 Enda Stevens 30
86%
2019/20 (Premier League - 9th) Ireland LB 28 Enda Stevens 38 2
86%
2018/19 (Championship - 2nd) Ireland LB 27 Enda Stevens 45 4
86%
2017/18 (Championship - 10th) Ireland LB 26 Enda Stevens 45 1
86%
2023/24 (Premier League - 20th) Croatia GK 28 Ivo Grbic 9
86%
2020/21 (Premier League - 20th) England CB 26 Jack O'Connell 2
86%
2019/20 (Premier League - 9th) England CB 25 Jack O'Connell 33
86%
2018/19 (Championship - 2nd) England CB 24 Jack O'Connell 41 3
86%
2017/18 (Championship - 10th) England CB 23 Jack O'Connell 46
86%
2016/17 (League One - 1st) England CB 22 Jack O'Connell 44 4
86%
2023/24 (Premier League - 20th) England CB 30 Jack Robinson 34 1
86%
2022/23 (Championship - 2nd) England CB 28 Jack Robinson 27 3
86%
2021/22 (Championship - 5th) England CB 27 Jack Robinson 27 3
86%
2020/21 (Premier League - 20th) England CB 26 Jack Robinson 11
86%
2019/20 (Premier League - 9th) England CB 25 Jack Robinson 6
86%
2023/24 (Premier League - 20th) Scotland CM 32 John Fleck 4
86%
2022/23 (Championship - 2nd) Scotland CM 30 John Fleck 26 1
86%
2021/22 (Championship - 5th) Scotland CM 29 John Fleck 35 1
86%
2020/21 (Premier League - 20th) Scotland CM 28 John Fleck 31
86%
2019/20 (Premier League - 9th) Scotland CM 27 John Fleck 30 5
86%
2018/19 (Championship - 2nd) Scotland CM 26 John Fleck 45 2
86%
2017/18 (Championship - 10th) Scotland CM 25 John Fleck 41 2
86%
2016/17 (League One - 1st) Scotland CM 24 John Fleck 44 4
86%
2023/24 (Premier League - 20th) England LB 27 Max Lowe 10
86%
2022/23 (Championship - 2nd) England LB 25 Max Lowe 26 1
86%
2020/21 (Premier League - 20th) England LB 23 Max Lowe 8
86%
2023/24 (Premier League - 20th) Scotland ST 27 Oli McBurnie 21 6
86%
2022/23 (Championship - 2nd) Scotland ST 26 Oli McBurnie 38 13
86%
2021/22 (Championship - 5th) Scotland ST 25 Oli McBurnie 28
86%
2020/21 (Premier League - 20th) Scotland ST 24 Oli McBurnie 23 1
86%
2019/20 (Premier League - 9th) Scotland ST 23 Oli McBurnie 36 6
86%
2023/24 (Premier League - 20th) Northern Ireland CM 33 Oliver Norwood 27 1
86%
2022/23 (Championship - 2nd) Northern Ireland CM 31 Oliver Norwood 46 2
86%
2021/22 (Championship - 5th) Northern Ireland CM 30 Oliver Norwood 44 1
86%
2020/21 (Premier League - 20th) Northern Ireland CM 29 Oliver Norwood 32
86%
2019/20 (Premier League - 9th) Northern Ireland CM 28 Oliver Norwood 38 1
86%
2018/19 (Championship - 2nd) Northern Ireland CM 27 Oliver Norwood 43 3
86%
2023/24 (Premier League - 20th) Wales LB 25 Rhys Norrington-Davies 5
86%
2022/23 (Championship - 2nd) Wales LB 23 Rhys Norrington-Davies 15
86%
2021/22 (Championship - 5th) Wales LB 22 Rhys Norrington-Davies 22
86%
2023/24 (Premier League - 20th) Brazil DM 24 Vinicius Souza 36 1
86%
2023/24 (Premier League - 20th) England GK 33 Wes Foderingham 30
86%
2022/23 (Championship - 2nd) England GK 31 Wes Foderingham 40
86%
2021/22 (Championship - 5th) England GK 30 Wes Foderingham 32
86%
2022/23 (Championship - 2nd) Algeria GK 29 Adam Davies 7
79%
2023/24 (Premier League - 20th) England CM 20 Andre Brooks 20
79%
2022/23 (Championship - 2nd) England CM 18 Andre Brooks 1
79%
2023/24 (Premier League - 20th) Chile LW 25 Ben Brereton Diaz 14 6
79%
2021/22 (Championship - 5th) England CB 25 Ben Davies 22 1
79%
2014/15 (League One - 5th) Wales RB 33 Ben Davies 14 4
79%
2016/17 (League One - 1st) Scotland ST 19 Che Adams 1
79%
2015/16 (League One - 11th) Scotland ST 18 Che Adams 36 11
79%
2014/15 (League One - 5th) Scotland ST 17 Che Adams 10
79%
2023/24 (Premier League - 20th) England CB 35 Chris Basham 8
79%
2022/23 (Championship - 2nd) England CB 33 Chris Basham 29
79%
2021/22 (Championship - 5th) England CB 32 Chris Basham 28
79%
2020/21 (Premier League - 20th) England CB 31 Chris Basham 31
79%
2019/20 (Premier League - 9th) England CB 30 Chris Basham 38
79%
2018/19 (Championship - 2nd) England CB 29 Chris Basham 41 4
79%
2017/18 (Championship - 10th) England CB 28 Chris Basham 45 2
79%
2016/17 (League One - 1st) England CB 27 Chris Basham 43 2
79%
2015/16 (League One - 11th) England CB 26 Chris Basham 44 4
79%
2014/15 (League One - 5th) England CB 25 Chris Basham 37
79%
2017/18 (Championship - 10th) Wales RW 19 David Brooks 30 3
79%
2022/23 (Championship - 2nd) Senegal ST 22 Iliman Ndiaye 46 14
79%
2021/22 (Championship - 5th) Senegal ST 21 Iliman Ndiaye 30 7
79%
2020/21 (Premier League - 20th) Senegal ST 20 Iliman Ndiaye 1
79%
2023/24 (Premier League - 20th) Ireland CB 31 John Egan 6
79%
2022/23 (Championship - 2nd) Ireland CB 29 John Egan 45 2
79%
2021/22 (Championship - 5th) Ireland CB 28 John Egan 46 2
79%
2020/21 (Premier League - 20th) Ireland CB 27 John Egan 31
79%
2019/20 (Premier League - 9th) Ireland CB 26 John Egan 36 2
79%
2018/19 (Championship - 2nd) Ireland CB 25 John Egan 44 1
79%
2019/20 (Premier League - 9th) Wales RB 27 Kieron Freeman 2
79%
2018/19 (Championship - 2nd) Wales RB 26 Kieron Freeman 20 2
79%
2017/18 (Championship - 10th) Wales RB 25 Kieron Freeman 10 1
79%
2016/17 (League One - 1st) Wales RB 24 Kieron Freeman 41 10
79%
2015/16 (League One - 11th) Wales RB 23 Kieron Freeman 19
79%
2014/15 (League One - 5th) Wales RB 22 Kieron Freeman 19 1
79%
2021/22 (Championship - 5th) England AM 29 Luke Freeman 4
79%
2019/20 (Premier League - 9th) England AM 27 Luke Freeman 11
79%
2021/22 (Championship - 5th) France ST 25 Lys Mousset 7 3
79%
2020/21 (Premier League - 20th) France ST 24 Lys Mousset 11
79%
2019/20 (Premier League - 9th) France ST 23 Lys Mousset 30 6
79%
2020/21 (Premier League - 20th) England CB 37 Phil Jagielka 10
79%
2019/20 (Premier League - 9th) England CB 36 Phil Jagielka 6
79%
2014/15 (League One - 5th) England ST 26 Steve Davies 13 2
79%
2023/24 (Premier League - 20th) England CM 25 Tom Davies 9
79%
2023/24 (Premier League - 20th) Algeria LB 23 Yasser Larouci 11
79%
2021/22 (Championship - 5th) England GK 23 Aaron Ramsdale 2
71%
2020/21 (Premier League - 20th) England GK 22 Aaron Ramsdale 38
71%
2023/24 (Premier League - 20th) England CM 29 Ben Osborn 24
71%
2022/23 (Championship - 2nd) England CM 27 Ben Osborn 20 1
71%
2021/22 (Championship - 5th) England CM 26 Ben Osborn 34 3
71%
2020/21 (Premier League - 20th) England CM 25 Ben Osborn 24 1
71%
2019/20 (Premier League - 9th) England CM 24 Ben Osborn 13
71%
2023/24 (Premier League - 20th) England ST 22 Cameron Archer 29 4
71%
2020/21 (Premier League - 20th) England DM 26 John Lundstram 28
71%
2019/20 (Premier League - 9th) England DM 25 John Lundstram 34 5
71%
2018/19 (Championship - 2nd) England DM 24 John Lundstram 10
71%
2017/18 (Championship - 10th) England DM 23 John Lundstram 36 3
71%
2019/20 (Premier League - 9th) England ST 34 Leon Clarke 2
71%
2018/19 (Championship - 2nd) England ST 33 Leon Clarke 24 3
71%
2017/18 (Championship - 10th) England ST 32 Leon Clarke 39 19
71%
2016/17 (League One - 1st) England ST 31 Leon Clarke 23 7
71%
2018/19 (Championship - 2nd) England CM 32 Mark Duffy 36 6
71%
2017/18 (Championship - 10th) England CM 31 Mark Duffy 36 3
71%
2016/17 (League One - 1st) England CM 30 Mark Duffy 39 6
71%
2014/15 (League One - 5th) Ireland CM 32 Michael Doyle 43 1
71%
2021/22 (Championship - 5th) England AM 21 Morgan Gibbs-White 35 11
71%
2023/24 (Premier League - 20th) England CM 20 Oliver Arblaster 12
71%
2022/23 (Championship - 2nd) England CM 18 Oliver Arblaster 4
71%
2018/19 (Championship - 2nd) Scotland CM 29 Paul Coutts 13
71%
2017/18 (Championship - 10th) Scotland CM 28 Paul Coutts 16 1
71%
2016/17 (League One - 1st) Scotland CM 27 Paul Coutts 43 2
71%
2015/16 (League One - 11th) Scotland CM 26 Paul Coutts 32
71%
2014/15 (League One - 5th) Scotland CM 25 Paul Coutts 20
71%
2023/24 (Premier League - 20th) England ST 24 Rhian Brewster 13
71%
2022/23 (Championship - 2nd) England ST 22 Rhian Brewster 16 1
71%
2021/22 (Championship - 5th) England ST 21 Rhian Brewster 14 3
71%
2020/21 (Premier League - 20th) England ST 20 Rhian Brewster 27
71%
2022/23 (Championship - 2nd) Norway DM 24 Sander Berge 37 6
71%
2021/22 (Championship - 5th) Norway DM 23 Sander Berge 31 5
71%
2020/21 (Premier League - 20th) Norway DM 22 Sander Berge 15 1
71%
2019/20 (Premier League - 9th) Norway DM 21 Sander Berge 14 1
71%
2022/23 (Championship - 2nd) England CM 20 Tommy Doyle 33 3
71%
2023/24 (Premier League - 20th) Ivory Coast ST 21 Benie Traore 8
64%
2017/18 (Championship - 10th) United States CB 19 Cameron Carter-Vickers 17 1
64%
2017/18 (Championship - 10th) Wales ST 28 Ched Evans 9
64%
2020/21 (Premier League - 20th) Wales DM 19 Ethan Ampadu 25
64%
2022/23 (Championship - 2nd) Mali CM 21 Ismaila Coulibaly 1
64%
2023/24 (Premier League - 20th) England CM 21 James McAtee 30 3
64%
2022/23 (Championship - 2nd) England CM 19 James McAtee 37 9
64%
2018/19 (Championship - 2nd) Wales CM 23 Lee Evans 2
64%
2017/18 (Championship - 10th) Wales CM 22 Lee Evans 19 2
64%
2019/20 (Premier League - 9th) Bosnia DM 26 Muhamed Besic 9
64%
2021/22 (Championship - 5th) Sweden GK 31 Robin Olsen 11
64%
2023/24 (Premier League - 20th) Scotland ST 17 Ryan One 1
64%
2019/20 (Premier League - 9th) England GK 29 Simon Moore 2
64%
2017/18 (Championship - 10th) England GK 27 Simon Moore 18
64%
2016/17 (League One - 1st) England GK 26 Simon Moore 43
64%
2023/24 (Premier League - 20th) England CM 19 Sydie Peck 1
64%
2021/22 (Championship - 5th) England RB 19 Femi Seriki 1
57%
2020/21 (Premier League - 20th) England RB 18 Femi Seriki 1
57%
2016/17 (League One - 1st) England GK 22 George Long 3
57%
2015/16 (League One - 11th) England GK 21 George Long 31
57%
2017/18 (Championship - 10th) England GK 23 Jamal Blackman 31
57%
2017/18 (Championship - 10th) England ST 21 James Wilson 8 1
57%
2016/17 (League One - 1st) Wales CB 27 James Wilson 7 1
57%
2015/16 (League One - 11th) England GK 28 Mark Howard 15
57%
2014/15 (League One - 5th) England GK 27 Mark Howard 35
57%
2018/19 (Championship - 2nd) England LM 27 Marvin Johnson 11
57%
2021/22 (Championship - 5th) Scotland ST 24 Oliver Burke 3
57%
2020/21 (Premier League - 20th) Scotland ST 23 Oliver Burke 25 1
57%
2019/20 (Premier League - 9th) Jamaica AM 26 Ravel Morrison 1
57%
2018/19 (Championship - 2nd) England CB 30 Richard Stearman 16 1
57%
2017/18 (Championship - 10th) England CB 29 Richard Stearman 28 2
57%
2018/19 (Championship - 2nd) Ireland ST 26 Scott Hogan 8 2
57%
2023/24 (Premier League - 20th) Tunisia CM 23 Anis Slimane 15
50%
2023/24 (Premier League - 20th) England ST 20 Antwoine Hackford 2
50%
2020/21 (Premier League - 20th) England ST 16 Antwoine Hackford 1
50%
2018/19 (Championship - 2nd) Wales AM 18 Ben Woodburn 7
50%
2017/18 (Championship - 10th) Northern Ireland ST 24 Caolan Lavery 3
50%
2016/17 (League One - 1st) Northern Ireland ST 23 Caolan Lavery 27 4
50%
2021/22 (Championship - 5th) England CB 25 Charlie Goode 2
50%
2017/18 (Championship - 10th) Jamaica ST 33 Clayton Donaldson 26 5
50%
2018/19 (Championship - 2nd) Northern Ireland ST 26 Conor Washington 15
50%
2018/19 (Championship - 2nd) Northern Ireland LB 29 Danny Lafferty 1
50%
2017/18 (Championship - 10th) Northern Ireland LB 28 Danny Lafferty 8
50%
2016/17 (League One - 1st) Northern Ireland LB 27 Danny Lafferty 37 4
50%
2018/19 (Championship - 2nd) England ST 27 Gary Madine 16 3
50%
2016/17 (League One - 1st) Ireland CM 27 Jay O'Shea 10 3
50%
2022/23 (Championship - 2nd) Ghana GK 20 Jordan Amissah 1
50%
2020/21 (Premier League - 20th) England CB 23 Kean Bryan 13 1
50%
2018/19 (Championship - 2nd) England AM 20 Kieran Dowell 16 2
50%
2022/23 (Championship - 2nd) Germany AM 20 Reda Khadra 15 1
50%
2023/24 (Premier League - 20th) Ireland RB 18 Sam Curtis 1
50%
2016/17 (League One - 1st) Scotland LM 23 Stefan Scougall 25 4
50%
2015/16 (League One - 11th) Scotland LM 22 Stefan Scougall 11
50%
2014/15 (League One - 5th) Scotland LM 21 Stefan Scougall 25 1
50%
2021/22 (Championship - 5th) Algeria DM 35 Adlene Guedioura 1
43%
2021/22 (Championship - 5th) Ireland CM 30 Conor Hourihane 28 1
43%
2015/16 (League One - 11th) England CM 32 Dean Hammond 30 2
43%
2015/16 (League One - 11th) England ST 18 Dominic Calvert-Lewin 9
43%
2014/15 (League One - 5th) England ST 17 Dominic Calvert-Lewin 2
43%
2021/22 (Championship - 5th) Croatia CB 24 Filip Uremovic 3
43%
2017/18 (Championship - 10th) England GK 20 Jake Eastwood 1
43%
2017/18 (Championship - 10th) England CB 31 Jake Wright 17
43%
2016/17 (League One - 1st) England CB 30 Jake Wright 30
43%
2015/16 (League One - 11th) Jamaica RW 32 Jamal Campbell-Ryce 18
43%
2014/15 (League One - 5th) Jamaica RW 31 Jamal Campbell-Ryce 19 4
43%
2015/16 (League One - 11th) Scotland LW 25 Jamie Murphy 1
43%
2014/15 (League One - 5th) Scotland LW 24 Jamie Murphy 43 11
43%
2015/16 (League One - 11th) Scotland CB 30 Jay McEveley 36
43%
2014/15 (League One - 5th) Scotland CB 29 Jay McEveley 34 1
43%
2023/24 (Premier League - 20th) England LB 22 Luke Thomas 12
43%
2016/17 (League One - 1st) Scotland ST 23 Marc McNulty 4
43%
2015/16 (League One - 11th) Scotland ST 22 Marc McNulty 5 1
43%
2014/15 (League One - 5th) Scotland ST 21 Marc McNulty 31 9
43%
2023/24 (Premier League - 20th) England CB 27 Mason Holgate 10
43%
2021/22 (Championship - 5th) Netherlands GK 24 Michael Verrips 1
43%
2017/18 (Championship - 10th) England LW 22 Nathan Thomas 1
43%
2019/20 (Premier League - 9th) Curacao ST 22 Richairo Zivkovic 5
43%
2017/18 (Championship - 10th) England LW 30 Ricky Holmes 5
43%
2018/19 (Championship - 2nd) England CM 26 Ryan Leonard 3
43%
2017/18 (Championship - 10th) England CM 25 Ryan Leonard 13
43%
2017/18 (Championship - 10th) Ireland CM 24 Samir Carruthers 14 1
43%
2016/17 (League One - 1st) Ireland CM 23 Samir Carruthers 14
43%
2015/16 (League One - 11th) Ireland ST 28 Conor Sammon 27 5
36%
2016/17 (League One - 1st) England CB 23 Ethan Ebanks-Landell 34 5
36%
2015/16 (League One - 11th) Belgium CM 22 Florent Cuvelier 9
36%
2014/15 (League One - 5th) Belgium CM 21 Florent Cuvelier 3
36%
2019/20 (Premier League - 9th) England CB 28 Jack Rodwell 1
36%
2017/18 (Championship - 10th) England ST 29 James Hanson 1
36%
2016/17 (League One - 1st) England ST 28 James Hanson 13 1
36%
2016/17 (League One - 1st) England RB 28 John Brayford 3
36%
2015/16 (League One - 11th) England RB 27 John Brayford 19 1
36%
2014/15 (League One - 5th) England RB 26 John Brayford 22 1
36%
2022/23 (Championship - 2nd) England CB 20 Kyron Gordon 1
36%
2021/22 (Championship - 5th) England CB 19 Kyron Gordon 5
36%
2015/16 (League One - 11th) England CM 17 Louis Reed 19
36%
2014/15 (League One - 5th) England CM 16 Louis Reed 19
36%
2018/19 (Championship - 2nd) England CB 31 Martin Cranie 15
36%
2015/16 (League One - 11th) Scotland CB 31 Neill Collins 30 3
36%
2014/15 (League One - 5th) Scotland CB 30 Neill Collins 8 1
36%
2015/16 (League One - 11th) Scotland RM 26 Ryan Flynn 27 2
36%
2014/15 (League One - 5th) Scotland RM 25 Ryan Flynn 32 1
36%
2015/16 (League One - 11th) Scotland LB 27 Bob Harris 5
29%
2014/15 (League One - 5th) Scotland LB 26 Bob Harris 40 3
29%
2015/16 (League One - 11th) Canada CB 28 David Edgar 36 1
29%
2015/16 (League One - 11th) England CM 23 James Wallace 4
29%
2014/15 (League One - 5th) England CM 22 James Wallace 10
29%
2015/16 (League One - 11th) England LB 20 Kieran Wallace 11
29%
2014/15 (League One - 5th) England LB 19 Kieran Wallace 4
29%
2016/17 (League One - 1st) England LM 27 Matt Done 31 3
29%
2015/16 (League One - 11th) England LM 26 Matt Done 31 5
29%
2014/15 (League One - 5th) England LM 25 Matt Done 15 7
29%
2016/17 (League One - 1st) England CB 24 Reece Brown 2
29%
2017/18 (Championship - 10th) England CM 17 Regan Slater 1
29%
2016/17 (League One - 1st) England LB 27 Chris Hussey 7
21%
2015/16 (League One - 11th) England RB 27 Craig Alcock 3
21%
2014/15 (League One - 5th) England RB 26 Craig Alcock 24
21%
2016/17 (League One - 1st) England AM 18 Harry Chapman 12 1
21%
2014/15 (League One - 5th) Scotland CM 21 Jason Holt 16 5
21%
2015/16 (League One - 11th) England AM 23 Jose Baxter 24 4
21%
2014/15 (League One - 5th) England AM 22 Jose Baxter 34 10
21%
2015/16 (League One - 11th) England LM 29 Martyn Woolford 28 1
21%
2022/23 (Championship - 2nd) England RB 17 Sai Sachdev 1
21%
2015/16 (League One - 11th) England CB 29 Alex Baptiste 11 1
14%
2014/15 (League One - 5th) England ST 30 Chris Porter 1
14%
2015/16 (League One - 11th) England CB 19 Harrison McGahey 7
14%
2014/15 (League One - 5th) England CB 18 Harrison McGahey 15
14%
2022/23 (Championship - 2nd) England LB 18 Jili Buyabu 1
14%
2015/16 (League One - 11th) England ST 31 Michael Higdon 2
14%
2014/15 (League One - 5th) England ST 30 Michael Higdon 13 2
14%
2015/16 (League One - 11th) Scotland LB 21 Callum McFadzean 1
7%
2016/17 (League One - 1st) England RB 19 Joe Riley 2
7%
2016/17 (League One - 1st) England CM 20 Ben Whiteman 2
0%
2015/16 (League One - 11th) England CM 19 Ben Whiteman 6
0%
2014/15 (League One - 5th) England ST 28 Chris O'Grady 4 1
0%
2015/16 (League One - 11th) Ireland CB 17 Graham Kelly 1
0%
2014/15 (League One - 5th) Scotland GK 30 Iain Turner 11
0%
2014/15 (League One - 5th) Ireland CB 31 Paddy McCarthy 11 1
0%
2015/16 (League One - 11th) England CB 21 Terry Kennedy 1
0%
2014/15 (League One - 5th) England CB 20 Terry Kennedy 11
0%
No matching quizzes found
Score Distribution
Percent of People with Each Score
Percentile by Number Answered
Your Score History
You have not taken this quiz since the last reset